Derecho de las sociedades comerciales (Registro nro. 302)

Detalles MARC
000 -LEADER
fixed length control field 01660 a2200217 4500
001 - CONTROL NUMBER
control field 3221
005 - DATE AND TIME OF LATEST TRANSACTION
control field 20260407155426.0
008 - FIXED-LENGTH DATA ELEMENTS--GENERAL INFORMATION
fixed length control field 260407a1988 arg spa d
003 - CONTROL NUMBER IDENTIFIER
control field AR-UNSa-BCEJYS
040 ## - CATALOGING SOURCE
Original cataloging agency AR-UNSa-BCEJYS
Language of cataloging spa
Transcribing agency AR-UNSa-BCEJYS
080 ## - UNIVERSAL DECIMAL CLASSIFICATION NUMBER
Universal Decimal Classification number 347.72
Common auxiliary subdivision Sociedades comerciales
020 ## - INTERNATIONAL STANDARD BOOK NUMBER
International Standard Book Number 950-20-0488-4
100 1# - MAIN ENTRY--PERSONAL NAME
Personal name Villegas, Carlos Gilberto
245 10 - TITLE STATEMENT
Title Derecho de las sociedades comerciales
Name of part/section of a work Comentario al texto ordenado de la Ley 19.550, reformada por la Ley 22.903, según decreto 841/84
250 ## - EDITION STATEMENT
Edition statement 3a. ed.
264 #1 - PRODUCTION, PUBLICATION, DISTRIBUTION, MANUFACTURE, AND COPYRIGHT NOTICE
Place of production, publication, distribution, manufacture Buenos Aires :
Name of producer, publisher, distributor, manufacturer Abeledo Perrot
Date of production, publication, distribution, manufacture, or copyright notice 1988
300 ## - PHYSICAL DESCRIPTION
Extent 681 p.
Dimensions 22 cm.
505 ## - FORMATTED CONTENTS NOTE
Formatted contents note 1. La sociedad comercial - 2. La naturaleza jurídica de la sociedad comercial - 3. La personalidad jurídica de las sociedades comerciales - 4. Concepto y elementos de la sociedad comercial - 5. Constitución de la sociedad - 6. De los socios - 7. De la administración y representación de la sociedad - 8. De la documentación y la contabilidad - 9. Transformación, fusión y escisión - 10. Resolución parcial, disolución y liquidación - 11. Sociedades extranjeras - 12. De las sociedades en particular. Sociedades personales - 13. La sociedad de responsabilidad limitada - 14. La sociedad anónima - 15. La sociedad anónima: (continuación) - 16. La sociedad anónima: (continuación) - 17. De los accionistas: derechos y obligaciones - 18. De las obligaciones o debentures - 19. De las sociedades en comandita por acciones - 20. Las agrupaciones entre sociedades y empresas - 21. Nominatividad de las acciones - 22. Cooperativas - 23. Entidades financieras
590 ## - LOCAL NOTE (RLIN)
Local note niveau_biblio:m niveau_hierar:0
942 ## - ADDED ENTRY ELEMENTS (KOHA)
Koha item type
Existencias
Withdrawn status Lost status Damaged status Not for loan Home library Current library Shelving location Date acquired Total checkouts Full call number Barcode Date last seen Price effective from Koha item type
        Biblioteca Prof. Eusebio Cleto del Rey Biblioteca Prof. Eusebio Cleto del Rey   07/04/2026   347.72 V728 3ed. L53042 07/04/2026 07/04/2026 Libro
        Biblioteca Prof. Eusebio Cleto del Rey Biblioteca Prof. Eusebio Cleto del Rey   07/04/2026   347.72 V728 3ed. L45774 07/04/2026 07/04/2026 Libro
        Biblioteca Prof. Eusebio Cleto del Rey Biblioteca Prof. Eusebio Cleto del Rey   07/04/2026   347.72 V728 3ed. L45772 07/04/2026 07/04/2026 Libro
        Biblioteca Prof. Eusebio Cleto del Rey Biblioteca Prof. Eusebio Cleto del Rey   07/04/2026   347.72 V728 3ed. L53040 07/04/2026 07/04/2026 Libro
        Biblioteca Prof. Eusebio Cleto del Rey Biblioteca Prof. Eusebio Cleto del Rey   07/04/2026   347.72 V728 3ed. L53041 07/04/2026 07/04/2026 Libro
        Biblioteca Prof. Eusebio Cleto del Rey Biblioteca Prof. Eusebio Cleto del Rey   07/04/2026   347.72 V728 3ed. L45775 07/04/2026 07/04/2026 Libro
        Biblioteca Prof. Eusebio Cleto del Rey Biblioteca Prof. Eusebio Cleto del Rey   07/04/2026   347.72 V728 3ed. L45776 07/04/2026 07/04/2026 Libro